Joueur de LDC 2024-2025 avec le plus de valeur - Statistiques

Statistiques générales
  • Ce quiz a été pris 189 fois
  • Le résultat moyen est 17 sur 36
Statistiques - réponses
Clubs Joueur Nationalité Prix % Correct
Manchester City Erling Haaland Norvège 200,00 Mio €
95%
Real Madrid Vinicius Jr Brésilien 200,00 Mio €
93%
Inter Milan Lautaro Martinez Argentin 110,00 Mio €
92%
FC Barcelone Lamine Yamal Espagnol 150,00 Mio €
91%
Arsenal Bukayo Saka Anglais 140,00 Mio €
89%
Bayer Leverkusen Florian Wirtz Allemand 130,00 Mio €
87%
LOSC Lille Jonathan David Canadien 45,00 Mio €
86%
Liverpool Luis Diaz Colombie 80,00 Mio €
85%
Paris Saint Germain Bradley Barcola Français 65,00 Mio €
83%
Sporting CP Viktor Gyökeres Suède 70,00 Mio €
83%
AC Milan Rafael Leao Portugais 75,00 Mio €
80%
Bayern Munich Jamal Musiala Allemand 130,00 Mio €
78%
Juventus Dusan Vlahovic Serbe 65,00 Mio
77%
Monaco Aleksandr Golovin / Maghnes Akilouche Russe / Français 30,00 Mio €
73%
Atlético de Madrid Julian Alvarez Argentin 75,00 Mio €
72%
Borussia Dortmund Julian Brandt / Gregor Kobel / Serhou Guirassy / Donyell Malen / Nico Schlotterbeck Allemand / Suisse / Guinéen / Néerlandais 40,00 Mio €
72%
Aston Villa Ollie Watkins Angleterre 65,00 Mio €
65%
RB Leibzig Xavi Simons Néerlandais 80,00 Mio €
57%
Stuttgart Enzo Millot Français 42,00 Mio €
49%
Feyenoord Santiago Gimenez Mexiquain 40,00 Mio €
37%
Girona Viktor Tsygankov Ukrainien 30,00 Mio €
31%
Benfica Lisbonne Antonio Silva Portugais 40,00 Mio €
17%
Brest Bradley Locko Français 12,00 Mio €
13%
RB Salzburg Karim Konaté / Oscar Gloukh Ivoirien / Israëlien 25,00 Mio €
12%
Bologne Lewis Ferguson Ecossais 24,00 Mio €
12%
Atalanta Giorgio Scalvini Italien 45,00 Mio €
10%
Club Brugges Andreas Skov Olsen Danois 18,00 Mio €
7%
Celtic Glasgow Cameron Carter Vickers / Kyogo Furuhashi Americain / Japon 14,00 Mio €
7%
Chakhtar Donetsk Georgiy Sudakov Ukrainien 35,00 Mio €
7%
Dinamo Zagreb Martin Baturina Croate 20,00 Mio €
5%
Etoile rouge de Bellegrade Silas Congolais 10,00 Mio €
5%
Sturm Graz Mika Biereth Danois 7,00 Mio €
4%
Young Boys Filip Ugrinic Suisse 7,00 Mio €
1%
PSV Johan Bakayoyo Belge 45,00 Mio €
0%
Sparta Prague Martin Vitik Tchèque 15,00 Mio €
0%
Slovan Bratislava Nino Marcelli Serbe 4,00 Mio €
0%
Aucun quiz correspondant
Distribution des résultats
% des personnes avec chaque résultat
Percentile par nombre de réponses
Votre historique - résultats
Vous n’avez pas pris ce quiz